Espacios Educativos 1990-2010

Gorde:
Xehetasun bibliografikoak
Egile korporatiboa: Ministerio de Educación (Egilea), UNESCO (Egilea)
Formatua: Liburua
Hizkuntza:gaztelania
Argitaratua: Santiago Ministerio de Educación 2010
Edizioa:1a. ed
Gaiak:
Etiketak: Etiketa erantsi
Etiketarik gabe, Izan zaitez lehena erregistro honi etiketa jartzen!

MARC

LEADER 00000nam a2200000 a 4500
001 UCG6218
003 CL-VaPUC
008 110407e20100000CL |||||||||||||||||spa|d
020 |a 9789563220476 
082 0 4 |a 727  |b MIN  |2 21 
110 2 |a Ministerio de Educación  |e author  |9 556266 
710 2 |a UNESCO  |e author  |9 556267 
245 1 0 |a Espacios Educativos 1990-2010 
250 |a 1a. ed 
300 |a 283 p 
942 |c BK 
945 |d 20110407 00:00:00  |a jcampos 
260 |a Santiago  |b Ministerio de Educación  |c 2010 
500 |a Edición Bicentenario 
650 7 |a SUPERVISION EDUCACIONAL  |2 CL-VaPUC  |9 341784 
650 0 |a Administración de la enseñanza   |9 261034 
650 7 |a ESTABLECIMIENTOS EDUCACIONALES  |2 CL-VaPUC  |9 362138 
650 0 |a Evaluación de la educación   |9 237505 
650 0 |a Calidad de la educación   |9 307271 
651 7 |a CHILE  |2 CL-VaPUC  |9 556268 
583 |a last modification  |c 20111007 11:37:49  |k Rodrigo Vera 
999 |c 344492  |d 344490 
952 |0 0  |1 0  |4 0  |6 727_000000000000000_MIN_2010  |7 0  |8 A  |9 442484  |a BIBEDU  |b BIBEDU  |d 2019-11-22  |i 4765052  |o 727 MIN 2010  |p 4765052  |r 2019-11-22  |w 2019-11-22  |y BK  |k BME 
952 |0 0  |1 0  |4 0  |6 727_000000000000000_MIN_2010  |7 0  |8 A  |9 442485  |a BIBARQ  |b BIBARQ  |d 2019-11-22  |i 4766261  |l 3  |o 727 MIN 2010  |p 4766261  |r 2025-01-20  |s 2024-03-25  |w 2019-11-22  |y BK  |k ARQ